Vyvratiteľná domnienka dobrej povesti právnickej osoby

Pojem právnické osoby. Pojem a atribút dobrej povesti. Analýza dobrej povesti právnickej osoby.

Guardado en:
Detalles Bibliográficos
Autor principal: Zlocha, Ľubomír, 1988-
Formato: Capítulo de libro
Lenguaje:eslovaco
Materias:
Etiquetas: Agregar Etiqueta
Sin Etiquetas, Sea el primero en etiquetar este registro!

MARC

LEADER 00000naa a2200000 4500
001 0235782
005 20220719123910.5
041 0 |a slo 
044 |a SK 
245 1 0 |a Vyvratiteľná domnienka dobrej povesti právnickej osoby  |c Ľubomír Zlocha 
520 |a Pojem právnické osoby. Pojem a atribút dobrej povesti. Analýza dobrej povesti právnickej osoby. 
610 2 0 |a osoby právnické 
610 2 0 |a imidž 
610 2 0 |a zákonník občiansky 
610 2 0 |a ochrana osobnosti 
100 1 |a Zlocha, Ľubomír, 1988-